000 00282nam a22001337a 4500
008 170215b xxu||||| |||| 00| 0 eng d
020 _a9780205324194
041 _aeng
080 _a61
100 _a4
101 _aSHM
245 _aU.S HEALTH POLICY
_cBARR, D.A
942 _2udc
_cBK
999 _c5599
_d5599